000 02058nam a22003017a 4500
003 OSt
005 20260625105229.0
008 260625t2024 xxu||||| |||| 00| 0 spa d
040 _aUnicoc
_bspa
_c00001
_d00001
082 _a371.33
100 _913134
_aRey Valzacchi, Jorge
245 _aInteligencia artificial en la educación
_b: Una guía práctica para profesores en la era digital
_c/ Jorge Rey Valzacchi
250 _a1 Ed.
260 _aArgentina :
_bInstituto Latinoamericano de Desarrollo Profesional Docente ,
_c2024.
300 _a86 páginas
_bIlustraciones, diagramas, tablas
440 _913135
_aAprende Virtual
505 _t1. Introducción: breve historia de la Inteligencia Artificial (IA). --
_t2. Fundamentos y conceptos básicos de la Inteligencia Artificial. --
_t3. El papel de la Inteligencia Artificial en la educación. --
_t4. Aplicaciones de la Inteligencia Artificial en la educación. --
_t5. Sistemas de tutoría inteligente. --
_t6. Recursos educativos digitales basados en Inteligencia Artificial. --
_t7. Ética y consideraciones en el uso de Inteligencia Artificial en la educación. --
_t8. Preparación de profesores para el uso de Inteligencia Artificial en el aula. --
_t9. Maestría en innovaciones tecnológicas y pedagógicas en contextos digitales (Aprende Virtual – Instituto Latinoamericano de Desarrollo Profesional Docente). --
_t10. Posibles avances tecnológicos y predicciones sobre la educación en el futuro.
526 _5Unicoc
546 _aEspañol
650 0 _913144
_aInteligencia artificial en la educación
650 0 _913136
_aTecnología educativa
650 0 _913139
_aEducación digital
650 0 _96662
_a Innovaciones educativas.
_vEfecto de las tecnologías
650 0 _913140
_aAprendizaje digital
650 0 _913148
_aRecursos educativos digitales
856 _yAcceso online exclusivo para comunidad Unicoc.
_uhttps://unicoceduco-my.sharepoint.com/:b:/g/personal/direccionbiblioteca_unicoc_edu_co/IQBkjWG9vjdSS4dmuv5Tiyn0AcLXPUt-vph9AhCRFvtKXPE
942 _2ddc
_cEBOOK
999 _c10908
_d10908